Normal view
MARC view
- التراث المعماري-تاريخ
Entry Topical Term
001 - CONTROL NUMBER
- control field: 48323
003 - CONTROL NUMBER IDENTIFIER
- control field: JO-AjAnu
005 - DATE AND TIME OF LATEST TRANSACTION
- control field: 20230606081954.0
008 - FIXED-LENGTH DATA ELEMENTS
- fixed length control field: 230606|| aca||aabn | a|a d
040 ## - CATALOGING SOURCE
- Original cataloging agency: JO-AjAnu
- Transcribing agency: JO-AjAnu
150 ## - HEADING--TOPICAL TERM
- Topical term or geographic name entry element: التراث المعماري-تاريخ
670 ## - SOURCE DATA FOUND
- Source citation: Work cat.: (JO-AjAnu)24722: الجمعية العلمية الملكية تأليف/مركز بحوث البناء , author 48322, التراث المعماري في المملكة الاردنية الهاشمية م1:مدينة السلط